[Event "Baltic Sea Cup"]
[Site "Ronne"]
[Date "2007.08.02"]
[Round "5.31"]
[White "Radil, Casper"]
[Black "Knudsen, Jes West"]
[Result "1-0"]
[WhiteElo "2107"]
[BlackElo "1990"]
[PlyCount "43"]
[EventDate "2007.07.30"]
[EventType "swiss"]
[EventRounds "9"]
[EventCountry "DEN"]
[SourceTitle "EXT 2023"]
[Source "ChessBase"]
[SourceDate "2022.10.05"]
[SourceVersion "1"]
[SourceVersionDate "2022.10.05"]
[SourceQuality "1"]

1. e4 d5 2. exd5 Nf6 3. d4 Nxd5 4. c4 Nb6 5. Nc3 e5 6. d5 c6 7. Be3 Bb4 8. Qb3 Bxc3+ 9. Qxc3 0-0 10. d6 N8d7 11. 0-0-0 Re8 12. g4 Rb8 13. b3 c5 14. Bg2 Na8 15. Nh3 f6 16. g5 f5 17. Bd5+ Kh8 18. f4 e4 19. g6 h6 20. Ng5 hxg5 21. Bd4 g4 22. Bxg7# 1-0

[Event "Baltic Sea Cup"]
[Site "Ronne"]
[Date "2007.08.01"]
[Round "4.37"]
[White "Jensen, Jan Kargaard"]
[Black "Radil, Casper"]
[Result "0-1"]
[WhiteElo "1894"]
[BlackElo "2107"]
[PlyCount "60"]
[EventDate "2007.07.30"]
[EventType "swiss"]
[EventRounds "9"]
[EventCountry "DEN"]
[SourceTitle "EXT 2023"]
[Source "ChessBase"]
[SourceDate "2022.10.05"]
[SourceVersion "1"]
[SourceVersionDate "2022.10.05"]
[SourceQuality "1"]

1. Nf3 d5 2. b3 Bf5 3. Bb2 Nd7 4. e3 Ngf6 5. Be2 e6 6. 0-0 Bd6 7. d4 c6 8. Nbd2 Qc7 9. c4 h6 10. c5 Be7 11. b4 a5 12. b5 b6 13. cxb6 Qxb6 14. a4 0-0 15. Rc1 Rfc8 16. Nb3 Ne4 17. bxc6 Rxc6 18. Bb5 Rxc1 19. Qxc1 Nd6 20. Bxd7 Qxb3 21. Ba3 Bd3 22. Re1 Rd8 23. Bxd6 Bxd6 24. Qc6 Bb4 25. Rc1 Ba3 26. Re1 Qb4 27. Qc7 Qe7 28. Ne5 Bd6 29. Nc6 Bxc7 30. Nxe7+ Kf8 0-1

[Event "Valby K41 op 0607"]
[Site "Valby"]
[Date "2007.02.20"]
[Round "9"]
[White "Andersen, Niels Erik"]
[Black "Radil, Casper"]
[Result "1/2-1/2"]
[WhiteElo "1860"]
[BlackElo "2104"]
[PlyCount "60"]
[EventDate "2006.11.14"]
[EventType "swiss"]
[EventRounds "9"]
[EventCountry "DEN"]
[SourceTitle "EXT 2018"]
[Source "ChessBase"]
[SourceDate "2017.10.13"]
[SourceVersion "1"]
[SourceVersionDate "2017.10.13"]
[SourceQuality "1"]

1. d4 d5 2. c4 e6 3. Nc3 Nf6 4. Bg5 Nbd7 5. e3 c6 6. cxd5 exd5 7. Bd3 Be7 8. Nf3 0-0 9. 0-0 Ne4 10. Bxe7 Qxe7 11. Qc2 Re8 12. b4 Ndf6 13. Rab1 b6 14. Ne5 Bb7 15. Nxe4 dxe4 16. Bc4 Nd5 17. Qb3 Qd6 18. b5 cxb5 19. Bxb5 Rec8 20. Rfc1 f6 21. Nc4 Qc7 22. Rc2 a6 23. Na3 Qd6 24. Bf1 Rxc2 25. Nxc2 Rc8 26. a3 Rc3 27. Qb2 Qc7 28. Nb4 b5 29. a4 Qa5 30. Nxd5 Bxd5 1/2-1/2

[Event "Valby K41 op 0607"]
[Site "Valby"]
[Date "2007.02.13"]
[Round "8"]
[White "Radil, Casper"]
[Black "Christensen, Esben"]
[Result "1/2-1/2"]
[WhiteElo "2104"]
[BlackElo "2002"]
[PlyCount "59"]
[EventDate "2006.11.14"]
[EventType "swiss"]
[EventRounds "9"]
[EventCountry "DEN"]
[SourceTitle "EXT 2018"]
[Source "ChessBase"]
[SourceDate "2017.10.13"]
[SourceVersion "1"]
[SourceVersionDate "2017.10.13"]
[SourceQuality "1"]

1. e4 c5 2. c3 Nf6 3. e5 Nd5 4. d4 e6 5. Nf3 b6 6. Bc4 Bb7 7. 0-0 Qc7 8. Qe2 d6 9. Bb5+ Nd7 10. c4 Ne7 11. exd6 Qxd6 12. dxc5 Qxc5 13. b4 Qc7 14. Ne5 Nc6 15. Nxd7 Qxd7 16. Rd1 Qc7 17. Bb2 Bd6 18. h4 0-0 19. a3 Rad8 20. Nc3 Be5 21. Bxc6 Qxc6 22. Nd5 exd5 23. Qxe5 f6 24. cxd5 Rxd5 25. Qxd5+ Qxd5 26. Rxd5 Bxd5 27. Rc1 Rf7 28. Rc8+ Rf8 29. Rc7 Rf7 30. Rc8+ 1/2-1/2

[Event "Valby K41 op 0607"]
[Site "Valby"]
[Date "2007.01.23"]
[Round "6"]
[White "Radil, Casper"]
[Black "Mikkelsen, Nikolaj"]
[Result "1-0"]
[WhiteElo "2104"]
[BlackElo "2281"]
[PlyCount "51"]
[EventDate "2006.11.14"]
[EventType "swiss"]
[EventRounds "9"]
[EventCountry "DEN"]
[SourceTitle "EXT 2018"]
[Source "ChessBase"]
[SourceDate "2017.10.13"]
[SourceVersion "1"]
[SourceVersionDate "2017.10.13"]
[SourceQuality "1"]

1. e4 c5 2. c3 Nf6 3. e5 Nd5 4. d4 cxd4 5. Nf3 e6 6. cxd4 b6 7. Bc4 Bb7 8. 0-0 d6 9. Bg5 Be7 10. Bxd5 Bxd5 11. Bxe7 Qxe7 12. Nc3 dxe5 13. Nxd5 exd5 14. dxe5 Qd7 15. e6 Qd6 16. Qa4+ Ke7 17. Nd4 fxe6 18. Rfe1 Kf7 19. Rxe6 Qd7 20. Qc2 g6 21. Rae1 Rf8 22. Qd2 Na6 23. Qh6 Rh8 24. Qf4+ Kg8 25. Re7 Re8 26. Qf7# 1-0